Những vì sao và vài truyện khác

Сохранить в:
Библиографические подробности
Главный автор: Alphonse Daudet
Другие авторы: Trần Việt (dịch)
Формат:
Язык:Vietnamese
French
Опубликовано: H. Ngoại Văn Hà Nội 1987
Серии:Tủ sách song ngữ phổ thông
Предметы:
Метки: Добавить метку
Нет меток, Требуется 1-ая метка записи!
Thư viện lưu trữ: Mạng thư viện Đại học Đà Nẵng
LEADER 01174nam a2200361 4500
001 000005738
003 1886
005 20120412140458.0
008 110822s1987 viesd
020 |c 5000 đ 
041 0 |a fre  |a vie 
082 |a 843  |b DA-A 
100 0 |a Alphonse Daudet 
245 0 |a Những vì sao  |b và vài truyện khác  |c Alphonse Daudet; Trần Việt dịch 
246 |a Les Etoiles 
260 |a H.  |b Ngoại Văn Hà Nội  |c 1987 
300 |a 97 tr.  |c 19 cm 
490 |a Tủ sách song ngữ phổ thông 
500 |a Trích tập Những vì sao - NXBVH 
653 |a Văn học Pháp 
653 |a Truyện ngắn 
700 |a Trần Việt  |e dịch 
910 |a Minh  |d 22/8/2011 
OWN |a LSP 
AVA |a UDN50  |b LSP  |d 843 DA-A  |e unavailable  |t Error 5002 Not defined in file expand_doc_bib_avail.  |f 1  |g 1  |h N  |i 0  |k 1 
999 |a From the UDN01 
AVA |a UDN50  |b LSP  |d 843 DA-A  |e unavailable  |t Error 5002 Not defined in file expand_doc_bib_avail.  |f 1  |g 1  |h N  |i 0  |k 1 
TYP |a Monograph 
TYP |a Printed language 
980 |a Mạng thư viện Đại học Đà Nẵng